Регионална библиотека "Любен Каравелов" - Русе

И Пенелопа пътуваше (Запис номер 419383)

MARC детайли
000 -Лидер
Контролно поле с фиксирана дължина nam a22 a 4500
003 - Код на организацията, давaща контролен номер
Контролно поле BLK
005 - Дата и час на последна редакция
Контролно поле 20221022103756.0
008 - Елементи от данни с фиксирана дължина
fixed length control field 180411b bul|||||r ||||||| j|bul||
020 ## - Международен стандартен номер на книга ISBN
Международен стандартен номер на книга ISBN 9786197604108
040 ## - Източник на каталожния запис
Идентификатор на билиотеката - собственик на записа BLK
041 ## - Код за език
Код за езика на текст/звукозапис или на отделно заглавие Български
Код за езика КДБФ Български
080 ## - УДК
Текстов определител УДК Българска литература
УДК код - определител по УДК 821.163.2
УДК определител -32
УДК - код + определител 821.163.2-32
100 1# - Редна дума - Автор
Автор Георгиева, Цветелина
Авторска отговорност първи автор
R(LIN) 346634
139 ## - Редно поле
Редна дума Георгиева, Цветелина
Авторски знак Георгиев - Г 37
245 10 - Сведения за заглавието
Заглавие И Пенелопа пътуваше
Редно поле (дума) Цветелина Георгиева.
257 ## - Страна на издаване
Страна на създаване/издаване България
260 ## - Област на издателските данни
Място на издаване, разпространение и проч. Русе
Име на издателя, разпространителя и проч. Gaiana Book Art Studio
Година на издаване 2021
300 ## - Физическа характеристика
Страници 170 с.
Илюстрации и др. със цв. сн.
Размери/Мащаб 21 см
380 ## - Жанр
Жанр Худож. лит.
999 ## - СИСТЕМНИ КОНТРОЛНИ НОМЕРА
Koha biblionumber 419383
Koha biblioitemnumber 419383
942 ## - АРТИКУЛИ
Вид на библиотечния материал Книги
Скрит в OPAC Не
Периодичен библиозапис Да
Koha issues (borrowed), all copies 4
944 ## - СЪЗДАВАНЕ И РЕДАКЦИЯ на ЗАПИСА
Създаване/Редакция Създаване
Дата на регистрацията/редакция 2021-06-11
Служител, извършил регистрацията/редакцията ВР
Наличности
Код за отписване Код за изгубен артикул Източник на класификационната схема Код за повреда Коз за рестрикции Код за отдаване Артикулен № Име на библиотеката - собственик Име на библиотеката, в която се намира в момента Статус (Текущо местоположение) Дата на вписване в системата Местоположение - отдел Цена в лева Систематично азбучна сигнатура Баркод Цена в евро Служебен тип на артикула
  Не е изгубен Universal Decimal Classification Не е повреден без рестрикции заемане за дома 843151 Регионална библиотека "Любен Каравелов" Русе Регионална библиотека "Любен Каравелов" Русе Заемна - подръчен фонд 2021-07-15 Заемна - подръчен фонд 11.00 821.163.2-32/Г 37 Ц 120000857840 5.62 Книги
  Не е изгубен Universal Decimal Classification Не е повреден без рестрикции заемане за дома 843152 Регионална библиотека "Любен Каравелов" Русе Регионална библиотека "Любен Каравелов" Русе Заемна - подръчен фонд 2021-07-15 Заемна - подръчен фонд 11.00 821.163.2-32/Г 37 Ц 120000857838 5.62 Книги
  Не е изгубен Universal Decimal Classification Не е повреден без рестрикции заемане за дома 843153 Регионална библиотека "Любен Каравелов" Русе Регионална библиотека "Любен Каравелов" Русе Заемна - подръчен фонд 2021-07-15 Заемна - подръчен фонд 11.00 821.163.2-32/Г 37 Ц 120000857839 5.62 Книги
Vip Innovations Ltd, Rousse, Bulgaria 2025